00221nam a22000857a 4500008004100000100002100041245003700062260002600099300001000125240308b |||||||| |||| 00| 0 eng d aSwami satyanath  aSri sri Nigamander jibani o Bani bSaraswat math,c1962. a276p.